Представление документа в формате MARC21

Поле Инд. ПП Название Значение
Тип записи a
Библиографический уровень b
001 Контрольный номер RU/IS/BASE/264552853
005 Дата корректировки 20240520104304.1
008 Кодируемые данные 19951121
084 a Индекс другой классификации/Индекс ББК 63.3(2)53
097 00 a 700
100 10 a Автор Розенталь И.
q Полное имя Розенталь Исаак
245 00 a Заглавие Когда отказываются пожать руку царю
600 14 a Персоналии Александра Федоровна (рос. императрица)
a Персоналии Николай II (рос. император)
650 04 a Основная рубрика история
653 00 a Ключевые слова XIX век
a Ключевые слова XX век
a Ключевые слова Россия
773 00 t Заглавие источника Родина
d Дата издания источника 1995
g Прочая информация № 7. - С. 38 - 43
w Контрольный № источника RU/IS/BASE/148495316
901 t Тип документа b